Communities and communication: building urban partnerships (Record no. 79549)

MARC details
000 -LEADER
fixed length control field 01320nam a2200241 a 4500
008 - FIXED-LENGTH DATA ELEMENTS--GENERAL INFORMATION
fixed length control field 100122s2005 ||||||||||||||||| || u
020 ## - INTERNATIONAL STANDARD BOOK NUMBER
International Standard Book Number 1853395986
050 ## - LIBRARY OF CONGRESS CALL NUMBER
Classification number HN 49.C6 Ril
100 ## - MAIN ENTRY--PERSONAL NAME
Personal name Riley, Elizabeth
245 10 - TITLE STATEMENT
Title Communities and communication: building urban partnerships
Statement of responsibility, etc. Elizabeth Riley and Patrick Wakely
260 ## - PUBLICATION, DISTRIBUTION, ETC.
Place of publication, distribution, etc. Rugby, UK
Name of publisher, distributor, etc. ITDG
Date of publication, distribution, etc. 2005
300 ## - PHYSICAL DESCRIPTION
Extent xvi, 192p.; ill.
350 ## -
-- 0.00
490 ## -
-- Urban management series
650 ## - SUBJECT ADDED ENTRY--TOPICAL TERM
Topical term or geographic name entry element URBANIZATION--ASIA, WESTERN
650 ## - SUBJECT ADDED ENTRY--TOPICAL TERM
Topical term or geographic name entry element COMMUNICATION IN COMMUNITY DEVELOPMENT
650 ## - SUBJECT ADDED ENTRY--TOPICAL TERM
Topical term or geographic name entry element URBAN POLICY--CASE STUDIES
700 ## - ADDED ENTRY--PERSONAL NAME
Personal name Wakely, Patrick
995 ## -
-- ANNEX COLLECTION (Main Library)
-- 0.00
-- 740581
-- CBU-MAIN LIBRARY (Kitwe)
-- 1
-- 0.00
-- HN 49.C6 Ril
-- 3
-- AVAILABLE
-- Mar 15, 2010
-- 740581
-- Annex Low-Usage Collection
995 ## -
-- MAIN LIBRARY OPEN ACCESS
-- 0.00
-- 740579
-- CBU-MAIN LIBRARY (Kitwe)
-- 1
-- 0.00
-- HN 49.C6 Ril
-- 1
-- AVAILABLE
-- Mar 15, 2010
-- 740579
-- Main Library Open Access Collection
995 ## -
-- MAIN LIBRARY OPEN ACCESS
-- 0.00
-- 740580
-- CBU-MAIN LIBRARY (Kitwe)
-- 1
-- 0.00
-- HN 49.C6 Ril
-- 2
-- AVAILABLE
-- Mar 15, 2010
-- 740580
-- Main Library Open Access Collection
995 ## -
-- ANNEX COLLECTION (Main Library)
-- 0.00
-- 740582
-- CBU-MAIN LIBRARY (Kitwe)
-- 1
-- 0.00
-- HN 49.C6 Ril
-- 4
-- AVAILABLE
-- Mar 15, 2010
-- 740582
-- Annex Low-Usage Collection
999 ## -
-- 79549
-- 79549
Holdings
Withdrawn status Lost status Source of classification or shelving scheme Damaged status Not for loan Permanent Location Current Location Shelving location Date acquired Total Checkouts Full call number Barcode Date last seen Copy number Price effective from Koha item type
          CBU-MAIN LIBRARY, KITWE. CBU-MAIN LIBRARY, KITWE.   06/29/2023   HN 49.C6 Ril 740581 06/29/2023 1 06/29/2023 MONOGRAPH
          CBU-MAIN LIBRARY, KITWE. CBU-MAIN LIBRARY, KITWE.   06/29/2023   HN 49.C6 Ril 740579 06/29/2023 2 06/29/2023 MONOGRAPH
          CBU-MAIN LIBRARY, KITWE. CBU-MAIN LIBRARY, KITWE.   06/29/2023   HN 49.C6 Ril 740580 06/29/2023 3 06/29/2023 MONOGRAPH
          CBU-MAIN LIBRARY, KITWE. CBU-MAIN LIBRARY, KITWE.   06/29/2023   HN 49.C6 Ril 740582 06/29/2023 4 06/29/2023 MONOGRAPH